Statistiques concernant Les Maires de Reims

Cliquez ici pour prendre le quiz!

Statistiques générales

  • Ce quiz a été pris 10 fois
  • Le résultat moyen est 4 sur 11

Statistiques - réponses

Mandat Maire % Correct
2014-2020Arnaud Robinet
80%
1959-1977Jean Taittinger
70%
2008-2014Adeline Hazan
50%
1983-1999Jean Falala
50%
1999-2008Jean-Louis Schneiter
40%
1957-1959Pierre Schneiter
40%
1945-1947Michel Sicre
20%
1947-1949Albert Réville
20%
1949-1953Roger Jardelle
20%
1953-1957René Bride
20%
1977-1983Claude Lamblin
20%

Distribution des résultats

Percentile by Number Answered

% des personnes avec chaque résultat

Votre développement - résultats

Vous n’avez pas pris ce quiz